000 00314nam a2200133Ia 4500
005 20251222155059.0
008 251222s9999||||xx |||||||||||||| ||spa||
082 _aLEN. 10
100 _aBOTERO, Silvio.
245 0 _aDinámicas Grupales de Reflexión
250 _a7ma. ed.
264 _bPaulinas
942 _cLIB
999 _c37577
_d37577